LEADER 00878nam a2200193 i 4500 001 000000161752 003 CaOOAMICUS 005 20220921123359.0 008 070529s1948 it u000 u ita u 040 $aSeMil$bita 100 1 $aPascoli, Giovanni,$d<1855-1912>.$0(OLS)http://semarc/name/3304 245 00$aPoesie di Giovanni Pascoli /$ccon un avvertimento di Antonio Baldini. 300 $aXV, 1606 p. ;$c20 cm. 700 1 $aBaldini, Antonio,$d<1889-1962>.$0(OLS)http://semarc/name/7013 773 0 $aPascoli, Giovanni <1855-1912>$tTutte le opere di Giovanni Pascoli.$d[Milano] : Arnoldo Mondadori Editore, 1946-$kClassici contemporanei italiani$w()17630 850 $aSeMil 852 $aSeMil$W1$xVenegono$y1$m1B II 176$j235915$B113129$CSeMilBibl$Z2$F123674 $81 996 $6245$aPoesie di Giovanni Pascoli$9(OLS)http://semarc/title/145035 LEADER 01137nam a2200217 i 4500 001 000000227563 003 CaOOAMICUS 005 20140724000000.0 008 140724s1748 it u000 u mul u 013 $a206465 026 $aina- *-*. ***- (*fi (3) 1748 (R) 040 $aSeMil$bita 245 10$aTomus 2. 300 $a[4], 924 p. 500 $aSegn. : pigreco4 A-5Y4 5Z6. - Fondo Bidoglio. 773 0 $aIoannes : Damascenus $tTou en agiois patros emon Ioannou tou Damaskenou, monachou, kai presbyterou Ierosolymon, ta euriskomena panta. Sancti patris nostri Joannis Damasceni, monachi, et presbyteri Hierosolymitani opera omnia quae exstant, et ejus nomine circumferuntur. Ex variis editionibus, et codicibus manu exaratis ... Opera & studio p. Michaelis Lequien ... Tomus 1. [-2.].$bEditio novissima veneta longe aliis accuratior.$dVenetiis : Typis Gasparis Ghirardi, 1748.$g2$w()29508 850 $aSeMil 852 $aSeMil$W1$xVenegono$y1$m2U VI 44 FA$j177909$B177909$CSeMilBibl$Z2$F188790 $8I 941 1 $a2 961 $aLascito: Bidoglio don Maurizio 996 $6245$aTomus 2$9(OLS)http://semarc/title/93022